An Introduction to Computer-Aided Design /

Gespeichert in:
Bibliographische Detailangaben
1. Verfasser: Mischke, Charles R. (Verfasst von)
Format: Buch
Sprache:Englisch
Veröffentlicht: New Jersey: Prentice-Hall, 1968
Ausgabe:1. vyd.
Tags: Tag hinzufügen
Keine Tags, Fügen Sie das erste Tag hinzu!

MARC

LEADER 00000nam a22000003a 4500
001 0020037
003 SK-STU
005 20161216120527.2
007 ta
008 161216s ----xo-----e------000-0-----d
020 |a 47956 
040 |a STU  |b slo 
041 0 |a eng  |h eng 
044 |a xxu 
100 1 |a Mischke, Charles R.  |4 aut 
245 1 0 |a An Introduction to Computer-Aided Design /  |c aut. Charles R Mischke 
250 |a 1. vyd. 
260 |a New Jersey:  |b Prentice-Hall,  |c 1968 
300 |a 211. 
996 |c I*12GA1499  |l II680  |s A  |a 24  |w 0020037_0001